[Event "CHI-ch"]
[Site "Santiago de Chile"]
[Date "1994.??.??"]
[Round "?"]
[White "Rojas Keim, Luis Alberto"]
[Black "Godoy Bugueno, David A"]
[Result "0-1"]
[WhiteElo "2285"]
[BlackElo "2340"]
[PlyCount "76"]
[EventDate "1994.??.??"]
[EventType "tourn"]
[EventRounds "12"]
[EventCountry "CHI"]
[EventCategory "1"]
[SourceTitle "EXT 2001"]
[Source "ChessBase"]
[SourceDate "2000.11.22"]
[SourceVersion "1"]
[SourceVersionDate "2000.11.22"]
[SourceQuality "1"]

1. e4 d6 2. d4 g6 3. Nc3 c6 4. Bc4 b5 5. Bb3 b4 6. Na4 Bg7 7. Qf3 Nf6 8. Ne2 0-0 9. 0-0 Nbd7 10. Bg5 Bb7 11. Ng3 h6 12. Bd2 a5 13. c3 c5 14. Rfd1 cxd4 15. cxd4 Nb6 16. Rac1 Nxa4 17. Bxa4 Qb6 18. Be3 Rac8 19. d5 Qa6 20. Bd4 Rxc1 21. Rxc1 Rc8 22. Rxc8+ Bxc8 23. Qd1 Nd7 24. Ne2 Nc5 25. Bc2 Bd7 26. b3 Bb5 27. Bxg7 Kxg7 28. Nd4 Be8 29. a4 bxa3 30. Qa1 Kg8 31. Qxa3 Qb6 32. Qa1 Na6 33. Bd3 Nc5 34. Bc2 Qb4 35. Qd1 a4 36. bxa4 Bxa4 37. Bxa4 Nxa4 38. Kh1 Nb2 0-1

[Event "ARAIS tt"]
[Site "Santiago de Chile"]
[Date "1994.??.??"]
[Round "?"]
[White "Sepulveda Herrera, Job Rodrigo"]
[Black "Godoy Bugueno, David A"]
[Result "1-0"]
[WhiteElo "2205"]
[BlackElo "2340"]
[PlyCount "61"]
[EventDate "1994.??.??"]
[EventType "team"]
[EventRounds "10"]
[EventCountry "CHI"]
[SourceTitle "EXT 2001"]
[Source "ChessBase"]
[SourceDate "2000.11.22"]
[SourceVersion "1"]
[SourceVersionDate "2000.11.22"]
[SourceQuality "1"]

1. d4 Nf6 2. c4 c6 3. Nc3 d6 4. e4 Nbd7 5. f3 e5 6. Nge2 Be7 7. Be3 0-0 8. d5 a6 9. Ng3 cxd5 10. cxd5 Ne8 11. Qd2 g6 12. Bd3 Ng7 13. 0-0 b5 14. b4 Nb6 15. a4 Nc4 16. Bxc4 bxc4 17. b5 axb5 18. axb5 Bd7 19. b6 f5 20. exf5 Nxf5 21. Nxf5 Bxf5 22. Rxa8 Qxa8 23. Qb2 Bc8 24. Ra1 Qb8 25. Bf2 Bd8 26. Ra4 e4 27. Nxe4 Bb7 28. Qd4 Rf5 29. Ra5 c3 30. Qxc3 Kf7 31. h3 1-0